000 00320nam a2200133 i 4500
001 bg
100 1 _aKACPRZAK, Kazimierz
245 0 _aWagi :
_bprzepisy i komentarze /
_cKazimierz Kacprzak.
260 _aWarszawa,
_c1976.
040 _cBPK
041 _apol
942 _cKS
008 s pl f |000 0 pol
999 _c27403
_d27403
856 _uhttp://koha.tu.koszalin.pl/cgi-bin/koha/opac-detail.pl?biblionumber=27403
_yKatalog online BPK